Który youtuber ma więcej subskrypcji - Statystyki

Ogólne statystyki
  • Ten quiz został rozwiązany 219 razy
  • Średni wynik to 4 z 10
Statystyki odpowiedzi
Zagadnienie Odpowiedź % Poprawnych
Kto ma więcej subów? ZeboPL
49%
Kto ma więcej subów? Medusa Official
48%
Kto ma więcej subów? Julia Kostera
45%
Kto ma więcej subów? Mniej więcej
45%
Kto ma więcej subów? Kamuś
41%
Kto ma więcej subów? MISIA I JA
33%
Kto ma więcej subów? Nester
32%
Kto ma więcej subów? LETNI
26%
Kto ma więcej subów? Sami
19%
Kto ma więcej subów? tvnpl
18%
Nie znaleziono quizów pasujących do podanych kryteriów
Rozkład punktacji
Procent ludzi z każdym wynikiem
Percentyl według liczby udzielonych odpowiedzi
Twoja historia wyników
Nie rozwiązałeś tego quizu